[Event "5. Bayer Open"]
[Site "Leverkusen"]
[Date "2008.04.14"]
[Round "7"]
[White "Witte, Thomas"]
[Black "Fröhling, Ewald"]
[Result "1-0"]
[WhiteElo "1645"]
[BlackElo "1559"]
[PlyCount "59"]
[EventDate "2008.01.14"]
[EventType "swiss"]
[EventRounds "7"]
[EventCountry "GER"]
[Source "Birnkott,Manfre"]
[SourceDate "2008.04.23"]

1. f4 d5 2. Nf3 Nc6 3. e3 Bf5 4. Bb5 Bd7 5. b3 a6 6. Bxc6 Bxc6 7. Bb2 e6 8. O-O
b6 9. Ne5 Bb7 10. f5 Qg5 11. fxe6 fxe6 12. Nf7 Qh4 13. Qf3 Nf6 14. Bxf6 Qxf6
15. Qxf6 gxf6 16. Nxh8 Bg7 17. Rf4 Ke7 18. Rg4 Bxh8 19. Rh4 Kd6 20. Rxh7 Rg8
21. g3 f5 22. c3 Be5 23. d4 Bf6 24. Na3 Rg4 25. Nc2 a5 26. Rf1 Ba6 27. Rf4 Rg6
28. Rf2 Bd3 29. Ne1 Bg5 30. Nxd3 1-0

[Event "5. Bayer Open"]
[Site "Leverkusen"]
[Date "2008.04.14"]
[Round "7"]
[White "Beinert, Katharina"]
[Black "Gülden, Ralf"]
[Result "1-0"]
[WhiteElo "1382"]
[BlackElo "1699"]
[PlyCount "41"]
[EventDate "2008.01.14"]
[EventType "swiss"]
[EventRounds "7"]
[EventCountry "GER"]
[Source "Birnkott,Manfre"]
[SourceDate "2008.04.23"]

1. d4 Nf6 2. c4 e6 3. Nc3 Bb4 4. a3 Bxc3+ 5. bxc3 b6 6. f3 d5 7. cxd5 exd5 8.
Bg5 O-O 9. e4 dxe4 10. fxe4 h6 11. Bxf6 Qxf6 12. Nf3 Bg4 13. Be2 Nd7 14. O-O
Qe7 15. Bd3 Rad8 16. Qe1 Nc5 17. Bc2 Nd7 18. Qg3 Nf6 19. e5 Nd5 20. Qxg4 Ne3
21. Qe4 1-0

[Event "5. Bayer Open"]
[Site "Leverkusen"]
[Date "2008.04.14"]
[Round "7"]
[White "Witte, Volker"]
[Black "Seelig, Jochen"]
[Result "1-0"]
[WhiteElo "1673"]
[BlackElo "1379"]
[PlyCount "71"]
[EventDate "2008.01.14"]
[EventType "swiss"]
[EventRounds "7"]
[EventCountry "GER"]
[Source "Birnkott,Manfre"]
[SourceDate "2008.04.23"]

1. d4 b6 2. c4 Bb7 3. Nf3 e6 4. g3 Bb4+ 5. Nc3 Bxc3+ 6. bxc3 Bxf3 7. exf3 d6 8.
Bg2 Nd7 9. f4 Rb8 10. Qa4 a5 11. O-O Ngf6 12. Re1 O-O 13. Bc6 h5 14. Ba3 Qe7
15. Re2 Rfd8 16. Rae1 g6 17. d5 Nf8 18. dxe6 Nxe6 19. Qc2 Qf8 20. f5 gxf5 21.
Qxf5 Qh6 22. Bc1 Qg7 23. Bd5 Nc5 24. Re7 Nxd5 25. cxd5 h4 26. Bg5 hxg3 27. hxg3
Rdc8 28. Bf6 Qh7 29. Qxh7+ Kxh7 30. Rxf7+ Kg6 31. Ree7 Na6 32. Bd4 Rg8 33. Kg2
Rbf8 34. Rxf8 Rxf8 35. Rg7+ Kf5 36. Kf3 1-0

[Event "5. Bayer Open"]
[Site "Leverkusen"]
[Date "2008.04.14"]
[Round "7"]
[White "Zühlke, Ernst-Wilhelm"]
[Black "Azimi, Reza"]
[Result "0-1"]
[WhiteElo "1655"]
[BlackElo "1321"]
[PlyCount "56"]
[EventDate "2008.01.14"]
[EventType "swiss"]
[EventRounds "7"]
[EventCountry "GER"]
[Source "Birnkott,Manfre"]
[SourceDate "2008.04.23"]

1. c4 c5 2. Nc3 e6 3. d3 a6 4. Nf3 d6 5. g3 Nc6 6. Bg2 Bd7 7. O-O g6 8. Ne4 Qc7
9. Bg5 Bg7 10. Rb1 f5 11. Nc3 Nf6 12. Qd2 O-O 13. Rfe1 Rab8 14. Bxf6 Bxf6 15.
e4 Ne7 16. exf5 Nxf5 17. Ne4 Bg7 18. Neg5 Rbe8 19. Ne4 Nd4 20. Nxd4 Bxd4 21.
Re2 d5 22. cxd5 exd5 23. Nc3 Rxe2 24. Nxe2 Rxf2 25. Bxd5+ Kg7 26. Kh1 Bc6 27.
Be4 Qd7 28. Qe1 Qh3 0-1

[Event "5. Bayer Open"]
[Site "Leverkusen"]
[Date "2008.04.14"]
[Round "7"]
[White "Liebsch, Felix"]
[Black "Hoeper, Heinz-Joachim"]
[Result "0-1"]
[WhiteElo "1147"]
[BlackElo "1496"]
[PlyCount "60"]
[EventDate "2008.01.14"]
[EventType "swiss"]
[EventRounds "7"]
[EventCountry "GER"]
[Source "Birnkott,Manfre"]
[SourceDate "2008.04.23"]

1. e4 e5 2. Nf3 d6 3. h3 h6 4. Bc4 Nf6 5. Nc3 Nc6 6. d3 Be6 7. Bxe6 fxe6 8. Be3
d5 9. exd5 exd5 10. d4 Qd6 11. dxe5 Nxe5 12. Bd4 Nxf3+ 13. Qxf3 Qe6+ 14. Ne2
Bd6 15. Bxf6 O-O 16. O-O-O Rxf6 17. Qxd5 Qxd5 18. Rxd5 Rxf2 19. Nc3 Rxg2 20.
Nb5 Bf4+ 21. Kb1 a6 22. Rf5 Rf8 23. Rxf8+ Kxf8 24. Na7 Rh2 25. Rxh2 Bxh2 26.
Nc8 g5 27. Kc1 Ke8 28. Nb6 Kf7 29. Kd2 Kg6 30. Ke3 Bg1+ 0-1

[Event "5. Bayer Open"]
[Site "Leverkusen"]
[Date "2008.04.14"]
[Round "7"]
[White "von Oppenkowski, Roman"]
[Black "Buchfelder, Gerhard"]
[Result "0-1"]
[WhiteElo "1325"]
[BlackElo "1442"]
[PlyCount "112"]
[EventDate "2008.01.14"]
[EventType "swiss"]
[EventRounds "7"]
[EventCountry "GER"]
[Source "Birnkott,Manfre"]
[SourceDate "2008.04.23"]

1. e4 Nc6 2. Nf3 d5 3. exd5 Qxd5 4. Nc3 Qa5 5. d4 Bg4 6. Be2 O-O-O 7. O-O e6 8.
Be3 Bd6 9. Ng5 Bxe2 10. Qxe2 Rd7 11. Qf3 Nf6 12. Nge4 Qh5 13. Qxh5 Nxh5 14. a3
f5 15. Ng5 f4 16. Bd2 Nxd4 17. Rac1 Nf6 18. Nce4 Be7 19. Rfe1 h6 20. Nf7 Nxe4
21. Rxe4 Rf8 22. Ne5 Rdd8 23. Ng6 Rf7 24. Nxf4 Nf3+ 25. gxf3 Rxd2 26. Kg2 Bc5
27. Nd3 Rf5 28. Rxe6 Rg5+ 29. Kf1 Kd7 30. Re2 Rxe2 31. Nxc5+ Rxc5 32. Kxe2 Rh5
33. Rh1 Ke6 34. Rg1 Re5+ 35. Kd3 g5 36. Rg4 Kf5 37. Re4 Rd5+ 38. Rd4 Rxd4+ 39.
Kxd4 Kf4 40. h3 h5 41. b4 h4 42. c4 Kxf3 43. Ke5 g4 44. hxg4 h3 45. g5 h2 46.
g6 h1=Q 47. Kf6 Qh8+ 48. Kf7 Qh5 49. Kf6 Qh4+ 50. Kf7 Qxc4+ 51. Kf8 Qf4+ 52.
Ke7 a5 53. g7 Qd6+ 54. Kf7 Qd5+ 55. Kf8 axb4 56. g8=Q Qxg8+ 0-1

[Event "5. Bayer Open"]
[Site "Leverkusen"]
[Date "2008.04.14"]
[Round "7"]
[White "Teuber, Alfons"]
[Black "van Hove, Ode"]
[Result "0-1"]
[WhiteElo "1087"]
[BlackElo "1387"]
[PlyCount "103"]
[EventDate "2008.01.14"]
[EventType "swiss"]
[EventRounds "7"]
[EventCountry "GER"]
[Source "Birnkott,Manfre"]
[SourceDate "2008.04.23"]

1. e4 e5 2. Bc4 Nf6 3. d3 c6 4. Nf3 d5 5. exd5 cxd5 6. Bb5+ Bd7 7. a4 Bd6 8.
Bg5 a6 9. Bxd7+ Nbxd7 10. Nbd2 O-O 11. O-O Re8 12. Nh4 h6 13. Nf5 Bc7 14. Bh4
Nf8 15. Qf3 Ng6 16. Bxf6 Qxf6 17. Nxh6+ Kf8 18. Qxf6 gxf6 19. Nf5 Ne7 20. g4
Nxf5 21. gxf5 Ke7 22. f3 Bb6+ 23. Kh1 Rh8 24. Rae1 Rh5 25. f4 Rxf5 26. fxe5
Rxe5 27. Rxe5+ fxe5 28. b4 Rg8 29. Nf3 f6 30. c3 Ke6 31. Re1 Rg4 32. a5 Ba7 33.
Re2 Kf5 34. Rg2 Rxg2 35. Kxg2 Kf4 36. Nd2 e4 37. dxe4 dxe4 38. h3 Be3 39. Nc4
Bc1 40. Kf2 Kg5 41. Nd6 f5 42. Nxb7 Bb2 43. c4 Ba3 44. b5 Bb2 45. b6 Bd4+ 46.
Ke2 f4 47. Nd6 f3+ 48. Kf1 e3 49. h4+ Kf4 50. b7 e2+ 51. Ke1 Bc3+ 52. Kf2 0-1

[Event "5. Bayer Open"]
[Site "Leverkusen"]
[Date "2008.04.14"]
[Round "7"]
[White "van Kempen, Susanne"]
[Black "Reiter, Ute"]
[Result "1-0"]
[WhiteElo "1550"]
[BlackElo "1119"]
[PlyCount "27"]
[EventDate "2008.01.14"]
[EventType "swiss"]
[EventRounds "7"]
[EventCountry "GER"]
[Source "Birnkott,Manfre"]
[SourceDate "2008.04.23"]

1. e4 e5 2. Nf3 Nc6 3. Bc4 d6 4. O-O Bg4 5. c3 Na5 6. Qa4+ Nc6 7. Bd5 Bxf3 8.
Bxc6+ bxc6 9. Qxc6+ Ke7 10. gxf3 Nf6 11. d4 h6 12. b3 Nh5 13. dxe5 dxe5 14.
Ba3+ 1-0